Monopoly, optimálny výstup a cenová diskriminácia
Preskúmanie trhovej štruktúry, ktorá sa dokonalej konkurencii podobá najmenej. Ide o monopol, ktorý predstavuje opačný extrém voči trhu dokonalej konkurencie. To znamená, že sa na trhu nachádza len jedna firma, ktorá s veľkou pravdepodobnosťou nebude považovať trhovú cenu za niečo pevne dané. Namie...
Gespeichert in:
| 1. Verfasser: | |
|---|---|
| Format: | Buchkapitel |
| Sprache: | Slowakisch |
| Schlagworte: | |
| Tags: |
Keine Tags, Fügen Sie das erste Tag hinzu!
|
MARC
| LEADER | 00000nla$a2200000$$$4500 | ||
|---|---|---|---|
| 001 | 0068180 | ||
| 005 | 20240502071825.0 | ||
| 041 | 0 | |a slo | |
| 044 | |a SK | ||
| 245 | 1 | 0 | |a Monopoly, optimálny výstup a cenová diskriminácia |c Stanislava Deáková |
| 520 | |a Preskúmanie trhovej štruktúry, ktorá sa dokonalej konkurencii podobá najmenej. Ide o monopol, ktorý predstavuje opačný extrém voči trhu dokonalej konkurencie. To znamená, že sa na trhu nachádza len jedna firma, ktorá s veľkou pravdepodobnosťou nebude považovať trhovú cenu za niečo pevne dané. Namiesto toho si bude monopol uvedomovať svoj vplyv na trhovú cenu a bude voliť takú úroveň ceny a objemu produkcie , ktoré budú maximalizovať jeho celkové zisky. | ||
| 610 | 2 | 0 | |a monopoly |
| 610 | 2 | 0 | |a konkurencia |
| 610 | 2 | 0 | |a optimalizácia |
| 610 | 2 | 0 | |a ceny |
| 610 | 2 | 0 | |a diskriminácia cenová |
| 100 | 1 | |a Deáková, Stanislava, 1974- | |